| 000 | 00760nam a2200229Ii 4500 | ||
|---|---|---|---|
| 003 | JO-AjNU | ||
| 008 | 230605s9999||||xx |||||||||||||| ||und|| | ||
| 017 | _a1978/4/4/2260 | ||
| 040 |
_aJO-AjNU _bara _erda _cJO-AjNU |
||
| 041 | _aara | ||
| 050 | 1 | 4 | _aBP135 1979 |
| 100 | 3 |
_aفاخوري، محمود, _eauthor _941123 |
|
| 245 | 0 | 0 | _aالإمام مسلم بن الحجاج القشيري النيسابوري: حياته وصحيحه |
| 250 | _aط1 | ||
| 264 | 3 | 1 | _aبيروت: دار السلام، 1979 |
| 300 | _a191ص | ||
| 336 |
_atext _btxt _2rdacontent |
||
| 337 |
_aunmediated _bn _2rdamedia |
||
| 338 |
_avolume _bnc _2rdacarrier |
||
| 490 | 0 | _aاعلامنا 2 | |
| 650 | 4 |
_aتراجم - مسلم بن الحجاج النسابوري _941124 |
|
| 999 |
_aA17508 _c21076 _d21076 |
||